| 000 | 00497nam a22001697a 4500 | ||
|---|---|---|---|
| 003 | CEME | ||
| 005 | 20210628203604.0 | ||
| 008 | 210316b xxu||||| |||| 00| 0 eng d | ||
| 020 | _a0-8269-1715-1 | ||
| 040 | _c. | ||
| 082 | _a621.319240218 STA'M | ||
| 245 | _aMaster electrician's workbook | ||
| 260 |
_aUSA _bATP _c1989 |
||
| 300 | _a458P | ||
| 650 |
_aELECTRIC WIRING EXAMINATION QUESTIONS ETC ELECTRIC APPARATUS AND APPLIANCES ELECTRICIANS LICENSES UNITED STATES _966412 |
||
| 942 |
_cBK _2ddc |
||
| 999 |
_c574388 _d574388 |
||